| 000 | 00000nam##2200000za#4500 |
| 001 | 9.691581 |
| 003 | CaOODSP |
| 005 | 20210624232829 |
| 007 | cr ||||||||||| |
| 008 | 150407|2008||||xxc|||||o f|0| 0 eng|d |
| 020 | |a978-1-100-11195-7 |
| 040 | |aCaOODSP|beng |
| 043 | |an-cn--- |
| 086 | 1 |aFs154-7/18-2008E-PDF |
| 110 | 1 |aCanada.|bDepartment of Fisheries and Oceans. |bCanadian Coast Guard. |
| 245 | 10|aWanna be a marine communications and traffic services officer? |h[electronic resource] |
| 260 | |aSt. John's - Newfoundland and Labrador : |bFisheries and Oceans Canada. |c2008. |
| 300 | |a1p. |
| 590 | |a12-32-Supp|b2012-07-11 |
| 690 | 07|aOccupations|2gcpds |
| 775 | 08|tÊtre officier des Services de communication et de trafic maritimes, cela t'intéresse? |w(CaOODSP)9.635908 |
| 856 | 40|ahttp://publications.gc.ca|qPDF|s1.99 MB|uhttps://publications.gc.ca/collections/collection_2012/mpo-dfo/Fs154-7-18-2008-eng.pdf |
| 986 | |aDFO/2006-1034 (Revised 11/08) |